| 000 | 00989nam0a22002291 4500 | ||
|---|---|---|---|
| 001 | rc\2723525 | ||
| 005 | 20260407024616.0 | ||
| 035 | _a(NLR Aleph) 006851115 | ||
| 090 |
_a6747931 _c6747931 |
||
| 100 | _a20110915d1938 u y0rusy50 ca | ||
| 101 | 0 | _arus | |
| 102 | _aRU | ||
| 105 | _ay z ||||| | ||
| 200 | 1 |
_aУказания по заполнению таблиц годового отчета за 1938 год по основной деятельности предприятий и трестов Главмука _fНар. ком. заг. СССР, Главмука |
|
| 210 |
_aМосква _cТип. изд-ва "Ведомостей Верховного Совета РСФСР" _d1938 |
||
| 215 |
_a56 с. _d22 см. |
||
| 710 | 0 | 1 |
_aСССР _bГлавное управление мукомольной промышленности _3RU\NLR\AUTH\8810010246 _9518180 |
| 801 | 0 |
_aRU _bNLR _gpsbo |
|
| 801 | 1 |
_aRU _bELAR _2rusmarc |
|
| 852 |
_aNLR _j38-11/1634 |
||
| 942 | _cBOOK | ||
| 980 | _aNB | ||